Same Initial Celebrities Quiz Stats

 Plays Quiz Updated Apr 7, 2018

Score 0/20 Timer 04:00
4 Plays Today
% Correct
MJ- Michael Jackson/Michael Jordan
99.8%
JB- Justin Bieber/Jack Black
98.5%
MC- Michael Caine/Miley Cyrus
97.8%
EP- Elvis Presley/Ellen Page
95.9%
AS- Arnold Schwarzenegger/Adam Sandler
95.8%
BM- Bill Murray/Bruno Mars
95.2%
TH- Tom Hanks/Tom Hiddleston
94.8%
CD- Céline Dion/Cameron Diaz
90.2%
BK- Ben Kingsley/Beyoncé Knowles
90.1%
RG- Richard Gere/Ryan Gosling
90%
% Correct
DB- Drew Barrymore/David Beckham
88.3%
MK- Mila Kunis/Michael Keaton
88.2%
AH- Anne Hathaway/Anthony Hopkins
87.1%
RW- Reese Witherspoon/Rebel Wilson
86.9%
BS- Bruce Springsteen/Blake Shelton
84.9%
SM- Steve Martin/Sienna Miller
78.1%
CB- Cate Blanchett/Christian Bale
75%
AP- Amy Poehler/Anna Paquin
74.7%
MB- Matthew Broderick/Marlon Brando
72.3%
JH- Jennifer Hudson/Jonah Hill
71.9%

You're not logged in!

Compare scores with friends on all Sporcle quizzes.
OR
Log In

Sporcle TV

Today on Sporcle TV


Watch our educational content, quiz creation guides, and fun videos on Sporcle TV.

Show Comments

Extras

Top Quizzes Today


Score Distribution

Your Account Isn't Verified!

In order to create a playlist on Sporcle, you need to verify the email address you used during registration. Go to your Sporcle Settings to finish the process.

Report this User

Report this user for behavior that violates our Community Guidelines.

Details: